Statistics for Countries that use the Peso

Click here to take the quiz!

General Stats

  • This quiz has been taken 27 times
  • The average score is 7 of 8

Answer Stats

Country% Correct
Colombia
93%
Mexico
93%
Uruguay
93%
Chile
89%
Cuba
89%
Argentina
85%
Dominican Republic
78%
Philippines
63%

Score Distribution

Percentile by Number Answered

Percent of People with Each Score

Your Score History

You have not taken this quiz